[Event "Titled Tuesday 2024.08.20 Late"]
[Site "Chess.com INT"]
[Date "2024.08.20"]
[Round "3"]
[White "Ibarra Jerez, Jose Carlos"]
[Black "Sai, Krishna GV"]
[Result "1/2-1/2"]
[WhiteElo "2559"]
[BlackElo "2402"]
[WhiteFideId "-1"]
[WhiteFideId "-1"]
[PlyCount "114"]
[GameId "2107989758841092"]
[EventDate "2024.08.20"]
[EventType "swiss (blitz)"]
[EventRounds "11"]
[EventCountry "NET"]
[SourceTitle "EXT 2025"]
[Source "ChessBase"]
[SourceDate "2024.10.14"]
[SourceVersion "1"]
[SourceVersionDate "2024.10.14"]
[SourceQuality "1"]

1. e4 e5 2. Nf3 Nc6 3. d4 exd4 4. Nxd4 Nf6 5. Nxc6 bxc6 6. Nd2 d5 7. exd5 cxd5 8. Bb5+ Bd7 9. Bxd7+ Qxd7 10. O-O Be7 11. b3 O-O 12. Bb2 d4 13. Nf3 c5 14. c3 dxc3 15. Qxd7 Nxd7 16. Bxc3 a5 17. Rfd1 Nb6 18. a4 c4 19. Bd4 Rfb8 20. Ne5 Bf6 21. Nxc4 Nxc4 22. bxc4 Rb4 23. Bxf6 gxf6 24. Rdc1 Rc8 25. c5 Kf8 26. g3 Rd4 27. Rc3 Ke7 28. Re1+ Kd7 29. Rb1 Rxa4 30. Rb6 Rc6 31. Rd3+ Kc7 32. Rb5 Ra6 33. Rdb3 Kc6 34. Rb7 Ra1+ 35. Kg2 a4 36. R3b4 a3 37. R4b6+ Rxb6 38. Rxb6+ Kxc5 39. Rxf6 Kb4 40. Rb6+ Kc3 41. Rc6+ Kb2 42. Rb6+ Kc3 43. Rc6+ Kb2 44. Rb6+ Kc2 45. Rc6+ Kb3 46. Rb6+ Kc4 47. Ra6 Kb4 48. Rb6+ Kc5 49. Ra6 Kb5 50. Ra8 Kb4 51. Rb8+ Kc3 52. Rc8+ Kb3 53. Rb8+ Kc3 54. Rc8+ Kb4 55. Rb8+ Kc4 56. Rc8+ Kb3 57. Rb8+ Kc3 1/2-1/2

[Event "Titled Tuesday 2024.08.20 Late"]
[Site "Chess.com INT"]
[Date "2024.08.20"]
[Round "4"]
[White "Sai, Krishna GV"]
[Black "Kazantzoglou, Stefanos"]
[Result "1-0"]
[WhiteElo "2402"]
[BlackElo "2197"]
[WhiteFideId "-1"]
[WhiteFideId "-1"]
[PlyCount "51"]
[GameId "2107989758853678"]
[EventDate "2024.08.20"]
[EventType "swiss (blitz)"]
[EventRounds "11"]
[EventCountry "NET"]
[SourceTitle "EXT 2025"]
[Source "ChessBase"]
[SourceDate "2024.10.14"]
[SourceVersion "1"]
[SourceVersionDate "2024.10.14"]
[SourceQuality "1"]

1. g3 Nf6 2. Bg2 e5 3. d3 Nc6 4. Nf3 d6 5. O-O Be7 6. e4 O-O 7. Nh4 Ne8 8. Nf5 g6 9. Nxe7+ Qxe7 10. f4 exf4 11. gxf4 Ng7 12. Nc3 Be6 13. d4 Nb8 14. f5 gxf5 15. exf5 Bxf5 16. Bxb7 Nd7 17. Bxa8 Rxa8 18. Bh6 Kh8 19. Bxg7+ Kxg7 20. Rxf5 Qe3+ 21. Kh1 Rg8 22. Qf3 Qxd4 23. Rxf7+ Kh8 24. Rxd7 Qg4 25. Qf6+ Rg7 26. Qxg7+ 1-0

[Event "Titled Tuesday 2024.08.20 Late"]
[Site "Chess.com INT"]
[Date "2024.08.20"]
[Round "5"]
[White "Troff, Kayden W"]
[Black "Sai, Krishna GV"]
[Result "0-1"]
[WhiteElo "2490"]
[BlackElo "2402"]
[WhiteFideId "-1"]
[WhiteFideId "-1"]
[PlyCount "158"]
[GameId "2107989758866189"]
[EventDate "2024.08.20"]
[EventType "swiss (blitz)"]
[EventRounds "11"]
[EventCountry "NET"]
[SourceTitle "EXT 2025"]
[Source "ChessBase"]
[SourceDate "2024.10.14"]
[SourceVersion "1"]
[SourceVersionDate "2024.10.14"]
[SourceQuality "1"]

1. d4 Nf6 2. Nf3 g6 3. Bg5 Bg7 4. Nc3 c5 5. e3 b6 6. Be2 Bb7 7. O-O O-O 8. a4 d5 9. a5 Nbd7 10. a6 Bc6 11. Bf4 Ne4 12. Bd3 Nxc3 13. bxc3 c4 14. Be2 b5 15. Nd2 Nb6 16. Qc1 Na4 17. Qa3 f6 18. Bg3 e5 19. Qb4 Re8 20. dxe5 Bf8 21. Qb1 Nxc3 22. Qe1 Bb4 23. Nf3 Nxe2+ 24. Qxe2 Bc3 25. exf6 Bxa1 26. Rxa1 Qxf6 27. Rd1 b4 28. Bh4 Qb2 29. Nd4 Ba4 30. Bf6 Rf8 31. Be5 Rae8 32. f4 b3 33. Qf3 bxc2 34. Qxd5+ Rf7 35. Nxc2 Qxc2 36. Rf1 Qd3 37. Qc5 c3 38. Bxc3 Qxe3+ 39. Qxe3 Rxe3 40. Be5 Re2 41. Rb1 Rd7 42. h3 Rd1+ 43. Rxd1 Bxd1 44. Bd4 Ra2 45. Bxa7 Rxa6 46. Bd4 Ra2 47. Be5 Bb3 48. g4 Bd5 49. Kf1 Kf7 50. g5 Be6 51. h4 Bf5 52. Kg1 Ke6 53. Bf6 Kd5 54. Be5 Ke4 55. Kf1 Kf3 56. Ke1 Rh2 57. Kd1 Rxh4 58. Kd2 Rxf4 59. Kc3 Re4 60. Bf6 Rg4 61. Kd2 Kf4 62. Bd8 Rxg5 63. Bc7+ Kg4 64. Ke3 Rh5 65. Kf2 Rh3 66. Kg2 Rb3 67. Kf2 h5 68. Kg2 h4 69. Kf2 h3 70. Kg1 Rb2 71. Kh1 Ra2 72. Kg1 Kf3 73. Kh1 g5 74. Kg1 g4 75. Bb6 g3 76. Kh1 Bg4 77. Bg1 Bf5 78. Bf2 gxf2 79. Kh2 f1=Q# 0-1

[Event "Titled Tuesday 2024.08.20 Late"]
[Site "Chess.com INT"]
[Date "2024.08.20"]
[Round "6"]
[White "Sai, Krishna GV"]
[Black "Hong, Andrew Z"]
[Result "0-1"]
[WhiteElo "2402"]
[BlackElo "2572"]
[WhiteFideId "-1"]
[WhiteFideId "-1"]
[PlyCount "128"]
[GameId "2107989758874548"]
[EventDate "2024.08.20"]
[EventType "swiss (blitz)"]
[EventRounds "11"]
[EventCountry "NET"]
[SourceTitle "EXT 2025"]
[Source "ChessBase"]
[SourceDate "2024.10.14"]
[SourceVersion "1"]
[SourceVersionDate "2024.10.14"]
[SourceQuality "1"]

1. g3 h5 2. Bg2 h4 3. e4 c5 4. Ne2 Nc6 5. d4 cxd4 6. Nxd4 Nf6 7. Nc3 h3 8. Bf3 e5 9. Nde2 Bc5 10. O-O d6 11. Na4 Bb4 12. a3 Ba5 13. b4 Bc7 14. c4 Be6 15. Qd3 Qd7 16. Nac3 Rc8 17. Bg5 Bd8 18. Bxf6 gxf6 19. Nd5 f5 20. Rfd1 fxe4 21. Bxe4 f5 22. Bh1 Qg7 23. Ndc3 Be7 24. Nb5 O-O 25. Nxd6 Rcd8 26. c5 e4 27. Qe3 Bg5 28. Nf4 Qe5 29. Rac1 Kh7 30. Nxb7 Rxd1+ 31. Rxd1 Rg8 32. Kf1 Bc4+ 33. Ke1 Qb2 34. Nd6 Ba6 35. Qd2 Qb3 36. Nxf5 Bc8 37. Bxe4 Kh8 38. Nd6 Ne5 39. Qd4 Bf6 40. Qe3 Qb2 41. Ng6+ Rxg6 42. Bxg6 Kg7 43. Nxc8 Ng4 44. Qd2 Bc3 45. Bh5 Ne5 46. Nd6 Bxd2+ 47. Rxd2 Qc3 48. Ne4 Qc4 49. Nd6 Qb3 50. Rd1 Qxa3 51. Nf5+ Kf6 52. Ne3 Qxb4+ 53. Kf1 Qxc5 54. Be2 a5 55. Nd5+ Kg7 56. Ne3 a4 57. Nf5+ Kf6 58. Nd4 a3 59. Nb3 Qc3 60. Nc1 Qb2 61. Nd3 Nxd3 62. Bxd3 a2 63. Bc4 a1=Q 64. Rb1 Qaxb1# 0-1

[Event "Titled Tuesday 2024.08.20 Late"]
[Site "Chess.com INT"]
[Date "2024.08.20"]
[Round "7"]
[White "Durarbayli, Vasif"]
[Black "Sai, Krishna GV"]
[Result "0-1"]
[WhiteElo "2626"]
[BlackElo "2402"]
[WhiteFideId "-1"]
[WhiteFideId "-1"]
[PlyCount "60"]
[GameId "2107989758874623"]
[EventDate "2024.08.20"]
[EventType "swiss (blitz)"]
[EventRounds "11"]
[EventCountry "NET"]
[SourceTitle "EXT 2025"]
[Source "ChessBase"]
[SourceDate "2024.10.14"]
[SourceVersion "1"]
[SourceVersionDate "2024.10.14"]
[SourceQuality "1"]

1. e4 e5 2. Nc3 Nc6 3. f4 exf4 4. d4 Qh4+ 5. Ke2 d5 6. Nf3 Bg4 7. exd5 Nce7 8. Bxf4 O-O-O 9. g3 Qh5 10. Kf2 Nf6 11. d6 Ned5 12. dxc7 Re8 13. Nxd5 Nxd5 14. h3 Nxf4 15. gxf4 Bf5 16. Rg1 f6 17. Bd3 Bd6 18. Rxg7 Bxf4 19. Ng1 Qh4+ 20. Kg2 Bd7 21. Rxd7 Kxd7 22. Qf3 Rhg8+ 23. Kh1 Re3 24. Qd5+ Kxc7 25. Qf7+ Kb6 26. Qb3+ Kc7 27. Qf7+ Kd6 28. Qxg8 Rxh3+ 29. Nxh3 Qxh3+ 30. Kg1 Be3# 0-1

[Event "Titled Tuesday 2024.08.20 Late"]
[Site "Chess.com INT"]
[Date "2024.08.20"]
[Round "8"]
[White "Sai, Krishna GV"]
[Black "Holt, Conrad"]
[Result "1-0"]
[WhiteElo "2402"]
[BlackElo "2540"]
[WhiteFideId "-1"]
[WhiteFideId "-1"]
[PlyCount "85"]
[GameId "2107989758887175"]
[EventDate "2024.08.20"]
[EventType "swiss (blitz)"]
[EventRounds "11"]
[EventCountry "NET"]
[SourceTitle "EXT 2025"]
[Source "ChessBase"]
[SourceDate "2024.10.14"]
[SourceVersion "1"]
[SourceVersionDate "2024.10.14"]
[SourceQuality "1"]

1. g3 d5 2. Bg2 e5 3. c4 c6 4. cxd5 cxd5 5. Qb3 Nf6 6. Nc3 d4 7. Bxb7 Be6 8. Qc2 Nbd7 9. Nb5 Rb8 10. Nc7+ Ke7 11. Nxe6 Kxe6 12. Ba6 Bd6 13. Nf3 Qa5 14. Bc4+ Ke7 15. O-O Rhc8 16. d3 h6 17. Qd2 Qb6 18. Nh4 Kf8 19. Nf5 Bb4 20. Qd1 Rxc4 21. dxc4 Qe6 22. e4 Nxe4 23. Qg4 g6 24. Bxh6+ Kg8 25. Qxe4 gxf5 26. Qd5 Nf6 27. Qxe6 fxe6 28. Rad1 Bc5 29. b3 e4 30. Bc1 d3 31. Kg2 Kf7 32. f3 Ke7 33. Bg5 Bd4 34. fxe4 fxe4 35. Rf4 Rg8 36. Bxf6+ Bxf6 37. Rxe4 Rd8 38. Re3 d2 39. Kf3 Bg5 40. Re2 Kf6 41. h4 Bh6 42. g4 Rd3+ 43. Ke4 1-0

[Event "Titled Tuesday 2024.08.20 Late"]
[Site "Chess.com INT"]
[Date "2024.08.20"]
[Round "9"]
[White "Sai, Krishna GV"]
[Black "Terry, Renato"]
[Result "0-1"]
[WhiteElo "2402"]
[BlackElo "2514"]
[WhiteFideId "-1"]
[WhiteFideId "-1"]
[PlyCount "184"]
[GameId "2107989758891423"]
[EventDate "2024.08.20"]
[EventType "swiss (blitz)"]
[EventRounds "11"]
[EventCountry "NET"]
[SourceTitle "EXT 2025"]
[Source "ChessBase"]
[SourceDate "2024.10.14"]
[SourceVersion "1"]
[SourceVersionDate "2024.10.14"]
[SourceQuality "1"]

1. g3 d5 2. Bg2 Nf6 3. Nf3 c6 4. d3 Bg4 5. Nbd2 Nbd7 6. O-O e5 7. e4 dxe4 8. dxe4 Be7 9. h3 Bh5 10. Qe2 O-O 11. g4 Bg6 12. Nh4 Re8 13. Nf5 Bf8 14. Bf3 Nc5 15. Rd1 Qc7 16. g5 Nfxe4 17. Nxe4 Bxf5 18. h4 Rad8 19. Ng3 Bc8 20. Be3 Ne6 21. Be4 Nd4 22. Bxd4 exd4 23. Qd3 g6 24. Qf3 Bg7 25. Re1 Qb6 26. Rab1 Qa5 27. Re2 Qxa2 28. Rbe1 Be6 29. b3 Qa5 30. Bd3 Rf8 31. Ne4 Kh8 32. Nf6 Rd6 33. Qf4 Qd8 34. Ne4 Rd5 35. Nf6 Bxf6 36. gxf6 Rh5 37. Re4 Rf5 38. Qh6 Rxf6 39. Rxd4 Qe7 40. Qg5 Kg7 41. h5 h6 42. Qg2 g5 43. Re5 Kh8 44. Rde4 Qd6 45. Re3 Qd4 46. R3e4 Qd6 47. Re3 Bd5 48. Qg3 Rf4 49. Kf1 Be6 50. Qg2 Qd4 51. Qg3 Ra8 52. R5e4 Qf6 53. Re2 a5 54. Qe3 Qa1+ 55. Re1 Qf6 56. Rxf4 gxf4 57. Qe4 Kg7 58. Ke2 Kf8 59. Rg1 Re8 60. Kd2 Ke7 61. Qh7 Rd8 62. Rg7 Qd4 63. Qxh6 Qxf2+ 64. Kc3 Qc5+ 65. Kd2 Qe3+ 66. Kc3 Qe5+ 67. Kd2 b5 68. Qg5+ Qxg5 69. Rxg5 Kf6 70. Rc5 Bd5 71. h6 Ke5 72. h7 Kd4 73. b4 axb4 74. Rxd5+ Kxd5 75. Ke2 Rh8 76. Kf3 Ke5 77. Be4 f5 78. Bxc6 Rxh7 79. Bxb5 Rh3+ 80. Ke2 Rc3 81. Bd3 b3 82. cxb3 Rxb3 83. Bc2 Rb2 84. Kf3 Ra2 85. Bb3 Ra3 86. Kf2 Rxb3 87. Kg2 Ke4 88. Kh2 f3 89. Kg3 Ke3 90. Kh4 f2 91. Kg5 f1=Q 92. Kf6 Qf4 0-1

[Event "Titled Tuesday 2024.08.20 Late"]
[Site "Chess.com INT"]
[Date "2024.08.20"]
[Round "10"]
[White "Vasquez Schroder, Rodrigo Rafael"]
[Black "Sai, Krishna GV"]
[Result "1/2-1/2"]
[WhiteElo "2457"]
[BlackElo "2402"]
[WhiteFideId "-1"]
[WhiteFideId "-1"]
[PlyCount "72"]
[GameId "2107989758899773"]
[EventDate "2024.08.20"]
[EventType "swiss (blitz)"]
[EventRounds "11"]
[EventCountry "NET"]
[SourceTitle "EXT 2025"]
[Source "ChessBase"]
[SourceDate "2024.10.14"]
[SourceVersion "1"]
[SourceVersionDate "2024.10.14"]
[SourceQuality "1"]

1. e4 e5 2. Nf3 Nc6 3. Bb5 a6 4. Ba4 d6 5. O-O Nf6 6. Bxc6+ bxc6 7. d4 exd4 8. Nxd4 c5 9. Nf3 Be7 10. Nc3 O-O 11. h3 Bb7 12. Re1 Re8 13. Bf4 Nd7 14. Qd2 Bf6 15. Bg5 Ne5 16. Bxf6 Nxf3+ 17. gxf3 Qxf6 18. Re3 Qh4 19. Kh2 Bc8 20. f4 Qxf4+ 21. Kh1 Bxh3 22. Rg1 Qh4 23. Rgg3 Bd7+ 24. Kg1 Bc6 25. Rh3 Qf4 26. Rhf3 Qh6 27. Rh3 Qe6 28. Rhg3 Rab8 29. b3 Qe5 30. Ref3 Re6 31. Rf5 Qd4 32. Rd3 Rg6+ 33. Kh2 Rh6+ 34. Kg1 Rg6+ 35. Kh2 Rh6+ 36. Kg1 Rg6+ 1/2-1/2

[Event "Titled Tuesday 2024.08.20 Late"]
[Site "Chess.com INT"]
[Date "2024.08.20"]
[Round "11"]
[White "Sai, Krishna GV"]
[Black "Klukin, Kirill"]
[Result "0-1"]
[WhiteElo "2402"]
[BlackElo "2413"]
[WhiteFideId "-1"]
[WhiteFideId "-1"]
[PlyCount "58"]
[GameId "2107989758903983"]
[EventDate "2024.08.20"]
[EventType "swiss (blitz)"]
[EventRounds "11"]
[EventCountry "NET"]
[SourceTitle "EXT 2025"]
[Source "ChessBase"]
[SourceDate "2024.10.14"]
[SourceVersion "1"]
[SourceVersionDate "2024.10.14"]
[SourceQuality "1"]

1. g3 c5 2. Bg2 g6 3. h4 Nf6 4. e4 Nc6 5. h5 Nxh5 6. Rxh5 gxh5 7. Qxh5 d6 8. Nf3 Bg7 9. Nc3 Ne5 10. Nxe5 Bxe5 11. f4 Bg7 12. d3 Bd7 13. Bd2 e6 14. f5 Qf6 15. Bg5 Qd4 16. Ke2 h6 17. Bh4 Bf6 18. fxe6 Bxe6 19. Nb5 Qxb2 20. Nc7+ Ke7 21. Rf1 Bxh4 22. Qxh4+ Kd7 23. Nxe6 Qxc2+ 24. Ke3 fxe6 25. Rf7+ Kc6 26. e5+ d5 27. Bxd5+ Kb6 28. Bb3 Qc1+ 29. Ke2 Raf8 0-1

[Event "Titled Tuesday 2024.08.13 Late"]
[Site "Chess.com INT"]
[Date "2024.08.13"]
[Round "2"]
[White "Sai, Krishna GV"]
[Black "Bagchi, Sounak"]
[Result "1-0"]
[WhiteElo "2402"]
[BlackElo "2030"]
[WhiteFideId "-1"]
[WhiteFideId "-1"]
[PlyCount "47"]
[GameId "2107989758142857"]
[EventDate "2024.08.13"]
[EventType "swiss (blitz)"]
[EventRounds "11"]
[EventCountry "NET"]
[SourceTitle "EXT 2025"]
[Source "ChessBase"]
[SourceDate "2024.10.14"]
[SourceVersion "1"]
[SourceVersionDate "2024.10.14"]
[SourceQuality "1"]

1. g3 Nf6 2. Bg2 g6 3. e4 Bg7 4. e5 Ng8 5. d4 d6 6. f4 dxe5 7. fxe5 e6 8. Ne2 Ne7 9. O-O O-O 10. Nbc3 Nd5 11. Ne4 h6 12. c4 Nb4 13. Nf6+ Kh8 14. Be3 c5 15. Qd2 cxd4 16. Bxh6 N4c6 17. Qg5 Nxe5 18. Bxg7+ Kxg7 19. Qxe5 Kh6 20. Nxd4 Nd7 21. Nxd7 Bxd7 22. Rad1 Qb6 23. c5 Qxb2 24. Nf5+ 1-0

[Event "Titled Tuesday 2024.08.13 Late"]
[Site "Chess.com INT"]
[Date "2024.08.13"]
[Round "3"]
[White "Oro, Faustino"]
[Black "Sai, Krishna GV"]
[Result "0-1"]
[WhiteElo "2434"]
[BlackElo "2402"]
[WhiteFideId "-1"]
[WhiteFideId "-1"]
[PlyCount "114"]
[GameId "2107989758151260"]
[EventDate "2024.08.13"]
[EventType "swiss (blitz)"]
[EventRounds "11"]
[EventCountry "NET"]
[SourceTitle "EXT 2025"]
[Source "ChessBase"]
[SourceDate "2024.10.14"]
[SourceVersion "1"]
[SourceVersionDate "2024.10.14"]
[SourceQuality "1"]

1. Nf3 g6 2. e4 Bg7 3. d4 c5 4. dxc5 Qa5+ 5. Bd2 Qxc5 6. Nc3 Nf6 7. Bd3 O-O 8. O-O d5 9. e5 Ng4 10. Bf4 Nc6 11. Qe2 d4 12. Ne4 Qa5 13. Ned2 Ngxe5 14. Nxe5 Nxe5 15. Nb3 Qd5 16. Be4 Qc4 17. Qd2 f5 18. Na5 Qb5 19. a4 Qd7 20. Bxe5 Bxe5 21. Bf3 Qc7 22. h3 Bf6 23. Bd5+ Kg7 24. Rfe1 e5 25. Qb4 Rd8 26. Bb3 b6 27. Nc4 Ba6 28. Na3 Qc5 29. Qd2 e4 30. Qf4 d3 31. cxd3 Bxb2 32. Rac1 Bxc1 33. Rxc1 Qe7 34. Rc7 Rd7 35. Rxd7 Qxd7 36. Qe5+ Kh6 37. Qf4+ Kg7 38. Qe5+ Kh6 39. Qf4+ g5 40. Qe5 Rf8 41. dxe4 fxe4 42. Qxe4 Qf5 43. Qe3 Qf4 44. Qe6+ Rf6 45. Qe1 Bb7 46. Nb5 Qe4 47. Qxe4 Bxe4 48. Nxa7 Bd3 49. Bd5 Rd6 50. Bc6 Rd4 51. Nc8 Rc4 52. Bd7 Rd4 53. Bc6 Rc4 54. Bd7 Rb4 55. Nd6 Bc2 56. Nf7+ Kg6 57. Ne5+ Kg7 0-1

[Event "Titled Tuesday 2024.08.13 Late"]
[Site "Chess.com INT"]
[Date "2024.08.13"]
[Round "4"]
[White "Klimkowski, Jan"]
[Black "Sai, Krishna GV"]
[Result "1-0"]
[WhiteElo "2508"]
[BlackElo "2402"]
[WhiteFideId "-1"]
[WhiteFideId "-1"]
[PlyCount "45"]
[GameId "2107989758163727"]
[EventDate "2024.08.13"]
[EventType "swiss (blitz)"]
[EventRounds "11"]
[EventCountry "NET"]
[SourceTitle "EXT 2025"]
[Source "ChessBase"]
[SourceDate "2024.10.14"]
[SourceVersion "1"]
[SourceVersionDate "2024.10.14"]
[SourceQuality "1"]

1. Nf3 g6 2. e4 Bg7 3. d4 c5 4. d5 d6 5. Nc3 Nf6 6. Bc4 O-O 7. O-O Bg4 8. h3 Bxf3 9. Qxf3 Nbd7 10. Qe2 Ne8 11. a4 Nc7 12. Bg5 b6 13. h4 h5 14. a5 Qb8 15. Bxe7 Re8 16. Bxd6 Be5 17. Bxe5 Nxe5 18. f4 Ng4 19. d6 Ne6 20. e5 Nd4 21. Qd3 Qd8 22. Qxg6+ Kh8 23. Qxh5+ 1-0

[Event "Titled Tuesday 2024.08.13 Late"]
[Site "Chess.com INT"]
[Date "2024.08.13"]
[Round "5"]
[White "Sai, Krishna GV"]
[Black "Liu, Leonardo"]
[Result "1-0"]
[WhiteElo "2402"]
[BlackElo "1901"]
[WhiteFideId "-1"]
[WhiteFideId "-1"]
[PlyCount "51"]
[GameId "2107989758176289"]
[EventDate "2024.08.13"]
[EventType "swiss (blitz)"]
[EventRounds "11"]
[EventCountry "NET"]
[SourceTitle "EXT 2025"]
[Source "ChessBase"]
[SourceDate "2024.10.14"]
[SourceVersion "1"]
[SourceVersionDate "2024.10.14"]
[SourceQuality "1"]

1. g3 Nf6 2. Bg2 g6 3. e4 d6 4. d4 Bg7 5. f4 O-O 6. Ne2 Nfd7 7. O-O e5 8. f5 exd4 9. Nxd4 Nc6 10. Be3 Nce5 11. Nc3 Nc4 12. Bf2 Nxb2 13. Qe1 Nc4 14. Rd1 Nc5 15. Qe2 Ne5 16. Be3 b6 17. Rf4 a5 18. Nd5 Ba6 19. Qf2 Nc4 20. f6 Bh6 21. Bc1 c6 22. Ne7+ Kh8 23. Rh4 Bxc1 24. Rxc1 Ra7 25. Qf4 h5 26. Qh6# 1-0

[Event "Titled Tuesday 2024.08.13 Late"]
[Site "Chess.com INT"]
[Date "2024.08.13"]
[Round "6"]
[White "Sai, Krishna GV"]
[Black "Klukin, Kirill"]
[Result "0-1"]
[WhiteElo "2402"]
[BlackElo "2413"]
[WhiteFideId "-1"]
[WhiteFideId "-1"]
[PlyCount "88"]
[GameId "2107989758184679"]
[EventDate "2024.08.13"]
[EventType "swiss (blitz)"]
[EventRounds "11"]
[EventCountry "NET"]
[SourceTitle "EXT 2025"]
[Source "ChessBase"]
[SourceDate "2024.10.14"]
[SourceVersion "1"]
[SourceVersionDate "2024.10.14"]
[SourceQuality "1"]

1. g3 c5 2. Bg2 g6 3. d4 cxd4 4. Qxd4 Nf6 5. e4 Nc6 6. Qd2 Bg7 7. Ne2 d6 8. O-O O-O 9. Na3 Bd7 10. c4 Rc8 11. Rb1 a6 12. b3 Ne5 13. f4 Neg4 14. Bf3 Bc6 15. h3 Nxe4 16. Qd3 Qb6+ 17. Kg2 Nc5 18. Qc2 Bxf3+ 19. Rxf3 Nf6 20. Re3 Qc6+ 21. Kh2 Qd7 22. b4 Ne6 23. f5 Nc7 24. g4 b5 25. Ng3 bxc4 26. Qxc4 Ncd5 27. Qb3 Nxe3 28. Bxe3 Nd5 29. Qxd5 Rc3 30. Bc1 Be5 31. Rb3 Rxc1 32. Kg2 Rfc8 33. Ne4 Qc6 34. Qxc6 R8xc6 35. fxg6 hxg6 36. b5 axb5 37. Nxb5 R6c2+ 38. Kf3 Rxa2 39. g5 Rh1 40. Kg4 Rg2+ 41. Kh4 Re2 42. Ng3 Bxg3+ 43. Kxg3 Rg1+ 44. Kh4 Re4# 0-1

[Event "Titled Tuesday 2024.08.13 Late"]
[Site "Chess.com INT"]
[Date "2024.08.13"]
[Round "7"]
[White "Martinez Martin, David"]
[Black "Sai, Krishna GV"]
[Result "0-1"]
[WhiteElo "2390"]
[BlackElo "2402"]
[WhiteFideId "-1"]
[WhiteFideId "-1"]
[PlyCount "94"]
[GameId "2107989758188930"]
[EventDate "2024.08.13"]
[EventType "swiss (blitz)"]
[EventRounds "11"]
[EventCountry "NET"]
[SourceTitle "EXT 2025"]
[Source "ChessBase"]
[SourceDate "2024.10.14"]
[SourceVersion "1"]
[SourceVersionDate "2024.10.14"]
[SourceQuality "1"]

1. d4 g6 2. c4 Bg7 3. e4 c5 4. d5 d6 5. Nc3 Nf6 6. Nge2 h5 7. f3 Na6 8. Bg5 Nc7 9. Qd2 Rb8 10. Nc1 a6 11. a4 b6 12. Be2 Bd7 13. O-O h4 14. f4 Ng4 15. e5 dxe5 16. Bxg4 Bxg4 17. fxe5 Bxe5 18. Nd3 Bd4+ 19. Kh1 h3 20. Bxe7 Qxe7 21. Rae1 Be6 22. dxe6 Nxe6 23. Nd5 Qd6 24. N3f4 hxg2+ 25. Qxg2 Be5 26. Nxe6 Rxh2+ 27. Qxh2 Bxh2 28. Nef4+ Kf8 29. Kxh2 g5 30. Kg2 gxf4 31. Rxf4 Qg6+ 32. Kf3 Qd3+ 33. Re3 Qf1+ 34. Ke4 Qh1+ 35. Kd3 Re8 36. Rxe8+ Kxe8 37. Nxb6 Qd1+ 38. Ke4 Qe2+ 39. Kf5 Qd3+ 40. Kg5 Qd6 41. Nd5 Qg6+ 42. Kh4 Kd7 43. Rf6 Qg7 44. Rf4 Qg6 45. Nf6+ Kc6 46. Nd5 f5 47. Rf3 Qg4# 0-1

[Event "Titled Tuesday 2024.08.13 Late"]
[Site "Chess.com INT"]
[Date "2024.08.13"]
[Round "8"]
[White "Sai, Krishna GV"]
[Black "Rustemov, Alexander"]
[Result "0-1"]
[WhiteElo "2402"]
[BlackElo "2525"]
[WhiteFideId "-1"]
[WhiteFideId "-1"]
[PlyCount "96"]
[GameId "2107989758197319"]
[EventDate "2024.08.13"]
[EventType "swiss (blitz)"]
[EventRounds "11"]
[EventCountry "NET"]
[SourceTitle "EXT 2025"]
[Source "ChessBase"]
[SourceDate "2024.10.14"]
[SourceVersion "1"]
[SourceVersionDate "2024.10.14"]
[SourceQuality "1"]

1. g3 d5 2. Bg2 Nf6 3. d3 Bf5 4. Nd2 e6 5. e4 Bg6 6. Ne2 Be7 7. h4 h6 8. Nf4 Bh7 9. O-O c6 10. e5 Nfd7 11. Qh5 O-O 12. Nf3 c5 13. Bh3 Nc6 14. Re1 Re8 15. Bxe6 fxe6 16. Nxe6 Qc8 17. Bxh6 g6 18. Qg4 Nf8 19. Bxf8 Bxf8 20. Nfg5 Nd4 21. Nxh7 Qxe6 22. Nf6+ Kf7 23. Qf4 Qf5 24. Qxf5 gxf5 25. Nxe8 Rxe8 26. Rf1 Nxc2 27. Rac1 Nb4 28. f4 Nxd3 29. Rc2 c4 30. a4 a6 31. Kg2 b5 32. axb5 axb5 33. Ra1 Bc5 34. Kf3 b4 35. g4 b3 36. Rg2 fxg4+ 37. Kxg4 Rg8+ 38. Kf3 Rxg2 39. Kxg2 Nxb2 40. f5 c3 41. Ra5 c2 42. Rxc5 Nc4 43. Rc7+ Ke8 44. f6 c1=Q 45. e6 Ne3+ 46. Kf3 Qxc7 47. Kxe3 Qe5+ 48. Kd3 Qxe6 0-1

[Event "Titled Tuesday 2024.08.13 Late"]
[Site "Chess.com INT"]
[Date "2024.08.13"]
[Round "9"]
[White "Paikens, Reinis"]
[Black "Sai, Krishna GV"]
[Result "0-1"]
[WhiteElo "2165"]
[BlackElo "2402"]
[WhiteFideId "-1"]
[WhiteFideId "-1"]
[PlyCount "80"]
[GameId "2107989758201557"]
[EventDate "2024.08.13"]
[EventType "swiss (blitz)"]
[EventRounds "11"]
[EventCountry "NET"]
[SourceTitle "EXT 2025"]
[Source "ChessBase"]
[SourceDate "2024.10.14"]
[SourceVersion "1"]
[SourceVersionDate "2024.10.14"]
[SourceQuality "1"]

1. c4 g6 2. Nc3 Bg7 3. g3 c5 4. Bg2 Nc6 5. e4 e6 6. Nge2 Nge7 7. O-O O-O 8. d3 b6 9. Be3 Bb7 10. Rc1 Rc8 11. h3 d6 12. Kh2 Qd7 13. a3 d5 14. exd5 exd5 15. cxd5 Nd4 16. Nf4 Ndf5 17. Qd2 Bxc3 18. bxc3 Nxd5 19. Nxd5 Bxd5 20. Bxd5 Qxd5 21. d4 Rfd8 22. Rfd1 cxd4 23. cxd4 Kg7 24. Rxc8 Rxc8 25. Rc1 Rxc1 26. Qxc1 h5 27. Qc3 h4 28. g4 Nd6 29. Qc7 Nb5 30. Qc8 Nxa3 31. Bf4 Qxd4 32. Qc7 Qxf2+ 33. Kh1 Qf1+ 34. Kh2 Qe2+ 35. Kh1 Qd1+ 36. Kh2 Qc2+ 37. Qxc2 Nxc2 38. Bg5 a5 39. Bxh4 a4 40. Bf2 a3 0-1

[Event "Titled Tuesday 2024.08.13 Late"]
[Site "Chess.com INT"]
[Date "2024.08.13"]
[Round "11"]
[White "Chekletsov, Ilya"]
[Black "Sai, Krishna GV"]
[Result "1-0"]
[WhiteElo "2338"]
[BlackElo "2402"]
[WhiteFideId "-1"]
[WhiteFideId "-1"]
[PlyCount "61"]
[GameId "2107989758209958"]
[EventDate "2024.08.13"]
[EventType "swiss (blitz)"]
[EventRounds "11"]
[EventCountry "NET"]
[SourceTitle "EXT 2025"]
[Source "ChessBase"]
[SourceDate "2024.10.14"]
[SourceVersion "1"]
[SourceVersionDate "2024.10.14"]
[SourceQuality "1"]

1. d4 g6 2. c4 Bg7 3. e4 c5 4. d5 d6 5. f4 Nf6 6. Nc3 b5 7. cxb5 a6 8. b6 O-O 9. a4 a5 10. Bb5 Ba6 11. Nf3 Qxb6 12. O-O Bxb5 13. axb5 c4+ 14. Kh1 Ng4 15. Qe1 Bxc3 16. bxc3 Qxb5 17. Nd4 Qc5 18. h3 Nf6 19. Be3 Nxe4 20. Nc6 Qb5 21. Nxe7+ Kg7 22. Bd4+ Nf6 23. Qh4 Nbd7 24. Qg5 Rfe8 25. Nf5+ Kg8 26. Nh6+ Kg7 27. Ng4 Re4 28. Bxf6+ Nxf6 29. Qxf6+ Kg8 30. Nh6+ Kf8 31. Qxf7# 1-0